00415nam a2200097Ia 4500008004100000245017700041245001800218260000900236650002400245856004800269171204s9999 xx 000 0 und d aPhotoshop: Photoshop Lightroom and Photography for Beginners ( Box Set 3 in 1): Master 37 Photoshop & Photography Tips in 24 Hours or Less! (Photoshop ... - Graphic Design) cEdward Bailey c2016 xDIGITAL PHOTOGRAPHY uhttp://down.ebook777.com/029/B01LMMRQV0.pdf